Multiple Regression and Beyond : An Introduction to Multiple Regression and Structural Equation Modeling (Record no. 1851374)
[ view plain ]
| 000 -LEADER | |
|---|---|
| fixed length control field | 00391 a2200133 4500 |
| 000 - LEADER | |
| fixed length control field | nam a22 7a 4500 |
| 005 - DATE AND TIME OF LATEST TRANSACTION | |
| control field | 20260513170420.0 |
| 020 ## - INTERNATIONAL STANDARD BOOK NUMBER | |
| International Standard Book Number | 9781032520971 |
| 100 ## - MAIN ENTRY--PERSONAL NAME | |
| Personal name | Timothy Z. Keith |
| 9 (RLIN) | 1239307 |
| 245 ## - TITLE STATEMENT | |
| Title | Multiple Regression and Beyond : An Introduction to Multiple Regression and Structural Equation Modeling |
| 250 ## - EDITION STATEMENT | |
| Edition statement | 4th |
| 260 ## - PUBLICATION, DISTRIBUTION, ETC. | |
| Name of publisher, distributor, etc. | Routledge |
| Date of publication, distribution, etc. | 2026 |
| 942 ## - ADDED ENTRY ELEMENTS (KOHA) | |
| Koha item type | Textual |
| Withdrawn status | Lost status | Source of classification or shelving scheme | Damaged status | Not for loan | Home library | Current library | Date acquired | Source of acquisition | Cost, normal purchase price | Inventory number | Total Checkouts | Barcode | Date last seen | Cost, replacement price | Price effective from | Koha item type |
|---|---|---|---|---|---|---|---|---|---|---|---|---|---|---|---|---|
| Colon Classification (CC) | Ordered | South Campus Library | South Campus Library | 2026-05-13 | 30 | 7532.18 | 166 & 29/01/2026 | SC1692199 | 2026-05-13 | 9415.23 | 2026-05-13 | Textual |
